Ecrivains français et romans - Statistiques

Statistiques générales
  • Ce quiz a été pris 2 005 fois
  • Le résultat moyen est 25 sur 39
Statistiques - réponses
Titre du roman Prénom de l'écrivain Nom de l'écrivain % Correct
Le père Goriot Honoré (de) Balzac
98%
L'étranger - La peste Albert Camus
96%
Les fleurs du mal Charles Baudelaire
95%
Le comte de Monte Cristo Alexandre Dumas
94%
Germinal Emile Zola
93%
Madame Bovary Gustave Flaubert
92%
Contes et nouvelles Guy (de) Maupassant
91%
20 000 lieues sous les mers Jules Verne
91%
Le malade imaginaire Molière
89%
Le petit prince Antoine (de) Saint Exupéry
87%
Le Cid Pierre Corneille
86%
La gloire de mon père Marcel Pagnol
83%
A la recherche du temps perdu Marcel Proust
83%
Huit Clos - Les mots Jean-Paul Sartre
78%
La mare au diable George Sand
73%
Les lettres de mon moulin Alphonse Daudet
72%
Les malheurs de Sophie comtesse de Ségur
72%
L'herbe rouge Boris Vian
72%
Les rêveries du promeneur solitaire Jean-Jacques Rousseau
71%
Gargantua et Pantagruel François Rabelais
70%
Le bateau ivre Arthur Rimbaud
68%
Le roman de la momie Théophile Gautier
67%
Jacques le fataliste Denis Diderot
61%
Poèmes saturniens Paul Verlaine
59%
Mémoires d'outre-tombe René (de) Chateaubriand
58%
La chartreuse de Parme Stendhal
52%
Les caves du Vatican André Gide
48%
Poil de carotte Jules Renard
45%
Le grand Meaulnes Alain Fournier
41%
Le noeud de vipères François Mauriac
35%
Les plaideurs Jean Racine
35%
Colline - Regain Jean Giono
34%
Cinq-Mars Alfred (de) Vigny
33%
Le blé en herbe Colette
29%
Journal d'un curé de campagne Georges Bernanos
26%
Pêcheur d'Islande Pierre Loti
23%
Sans famille Hector Malot
22%
Le diable au corps Raymond Radiguet
22%
La guerre des boutons Louis Pergaud
16%
Aucun quiz correspondant
Distribution des résultats
% des personnes avec chaque résultat
Percentile par nombre de réponses
Votre historique - résultats
Vous n’avez pas pris ce quiz